| 000 | 00919nam0a22002651 4500 | ||
|---|---|---|---|
| 001 | rc\132514 | ||
| 005 | 20030307112218.1 | ||
| 010 |
_a5-7571-0048-6 _93000 |
||
| 035 | _a(NLR Aleph) 005406544 | ||
| 090 |
_a7328787 _c7328787 |
||
| 100 | _a20030307d1996 u |0rusy50 ca | ||
| 101 | 0 | _arus | |
| 102 | _aRU | ||
| 105 | _aa ||||||||| | ||
| 200 | 1 |
_aГистология и эмбриология органов полости рта человека _eУчеб. пособие для студентов стоматол. фак. мед. ин-тов |
|
| 210 |
_aСПб. _cСпец. лит. _d1996 |
||
| 215 |
_a246, [1] с. _cил. _d22 |
||
| 320 | _aБиблиогр.: с. 223-230 | ||
| 320 | _aПредм. указ.: с. 231-247 | ||
| 700 | 1 |
_aБыков _bВ. Л. _gВладимир Лазаревич |
|
| 801 | 0 |
_aRU _bNLR _gpsbo |
|
| 801 | 1 |
_aRU _bELAR _2rusmarc |
|
| 852 |
_aNLR _j96-5/3211 |
||
| 942 | _cBOOK | ||
| 980 | _aNB | ||